000 00883nam a2200205Ia 4500
003 Ost
005 20260507074850.0
008 260507s9999||||xx |||||||||||||| ||und||
040 _cfsecg
041 _aara
082 _a368
100 _aحنا، بدوي
_eمؤلف
245 0 _aعقاري :
_bاجتهادات ونصوص /
_c بدوي حنا
260 _aبيروت:
_bمنشورات الحلبي الحقوقية,
_c1998
300 _a600 صفحة؛
_bإيضاحات ؛
_c24 سم
520 _aيضم اتفاق، اشارة دعوى، البيع، تحديد وتحرير، موجز قرارات صادرة عن محكمة التمييز المدنية اللبنانية 'باز' : استملاك، تأمين، تحديد وتحرير، حقوق عينية، سجل عقاري.
653 _aالبيع
653 _aالتأمين - البنوك
942 _cكتاب
999 _c41559
_d41559